[Event "AGAG IIIIIIII"]
[Site "SchemingMind.com"]
[Date "2021.07.03"]
[Round "-"]
[White "flyinduck"]
[Black "Arnold Jones"]
[Result "1-0"]
[WhiteCountry "CAN"]
[BlackCountry "ENG"]
[WhiteElo "2035"]
[WhiteRD "72"]
[BlackElo "1556"]
[BlackRD "62"]
[GameID "713102"]

1. b3 e5 2. Bb2 Nc6 3. e3 d5 4. Bb5 Bd6 5. f4 Nf6 6. fxe5 Bg4 7. Nf3 Bxe5 8. Bxe5 O-O 9. Bxc6 bxc6 10. O-O Nd7
11. Bb2 f6 12. Nc3 Bxf3 13. Qxf3 Nb6 14. Ne2 c5 15. Nf4 Qd7 16. Qh3 Qxh3 17. Nxh3 Nd7 18. Nf4 c6 19. Ne6 Rf7 20. Ba3 c4
21. Nd4 Ne5 22. Bd6 c5 23. Bxe5 cxd4 24. Bxd4 Rc8 25. b4 a6 26. a4 Rb7 27. c3 Kf7 28. b5 axb5 29. a5 b4 30. a6 Rb5
31. cxb4 Rxb4 32. a7 Ra8 33. Rfb1 Rxb1+ 34. Rxb1 Rxa7 35. Bxa7 Ke6 36. Kf2 g5 37. Bd4 h5 38. Rb6+ Kf5 39. Rxf6+ Ke4 40. Ke2 h4
41. h3
1-0

[Event "AGAG IIIIIIII"]
[Site "SchemingMind.com"]
[Date "2021.07.03"]
[Round "-"]
[White "Arnold Jones"]
[Black "flyinduck"]
[Result "0-1"]
[WhiteCountry "ENG"]
[BlackCountry "CAN"]
[WhiteElo "1583"]
[WhiteRD "73"]
[BlackElo "2043"]
[BlackRD "71"]
[GameID "713103"]

1. b3 e5 2. Bb2 d6 3. c4 f5 4. e3 Nf6 5. Nc3 Be7 6. Be2 O-O 7. Nf3 Kh8 8. d4 e4 9. Nd2 c6 10. a3 d5
11. g3 Be6 12. h3 Bg8 13. b4 Bd6 14. c5 Bc7 15. Qc2 b6 16. Nb3 Nbd7 17. Ba6 Rb8 18. Qe2 bxc5 19. Nxc5 Nxc5 20. bxc5 Ba5
21. O-O Be6 22. f4 exf3 23. Qxf3 Rxb2 24. Na4 Rb8 25. Bd3 Ne4 26. Bxe4 dxe4 27. Qg2 Qd5 28. g4 Qb3 29. Qg3 Qxa4 30. Qe5 Qb3
31. Kg2 Qxe3 32. Qxe6 Rb2+ 33. Kh1 Qxh3+
0-1

[Event "AGAG IIIIIIII"]
[Site "SchemingMind.com"]
[Date "2021.07.04"]
[Round "-"]
[White "flyinduck"]
[Black "Rooksac"]
[Result "0-1"]
[WhiteCountry "CAN"]
[BlackCountry "USA"]
[WhiteElo "2019"]
[WhiteRD "72"]
[BlackElo "2002"]
[BlackRD "118"]
[GameID "713104"]

1. b3 e5 2. Bb2 Nc6 3. e3 d5 4. Bb5 Bd6 5. f4 f6 6. fxe5 fxe5 7. Bxc6+ bxc6 8. Bxe5 Qh4+ 9. g3 Qe4 10. Bxg7 Qxh1
11. Qh5+ Ke7 12. Bxh8 Qxg1+ 13. Ke2 Be6 14. Nc3 Qg2+ 15. Kd3 Kd7 16. Ne2 Ne7
0-1

[Event "AGAG IIIIIIII"]
[Site "SchemingMind.com"]
[Date "2021.07.03"]
[Round "-"]
[White "Rooksac"]
[Black "flyinduck"]
[Result "1-0"]
[WhiteCountry "USA"]
[BlackCountry "CAN"]
[WhiteElo "2080"]
[WhiteRD "105"]
[BlackElo "2010"]
[BlackRD "74"]
[GameID "713105"]

1. b3 e5 2. Bb2 d6 3. c4 f5 4. e3 Nf6 5. Be2 Be7 6. d4 e4 7. Nh3 d5 8. Nf4 c6 9. Nc3 g5 10. Nh5 Kf8
11. Nxf6 Bxf6 12. cxd5 cxd5 13. f3 Kg7 14. O-O Be6 15. fxe4 fxe4 16. Bg4 Re8 17. Bxe6 Rxe6 18. Rf5 Rd6 19. Ba3 Kg6 20. Qg4 Qa5
21. Bxd6 Nd7 22. Nxd5 h5 23. Qxe4
1-0

[Event "AGAG IIIIIIII"]
[Site "SchemingMind.com"]
[Date "2021.07.03"]
[Round "-"]
[White "flyinduck"]
[Black "LockettJ"]
[Result "0-1"]
[WhiteCountry "CAN"]
[BlackCountry "ENG"]
[WhiteElo "1990"]
[WhiteRD "89"]
[BlackElo "2015"]
[BlackRD "81"]
[GameID "713106"]

1. b3 e5 2. Bb2 Nc6 3. e3 Nf6 4. g3 d5 5. Bg2 Bf5 6. d3 Be6 7. Nd2 Be7 8. Ne2 O-O 9. h3 a6 10. O-O Qd7
11. Kh2 Rad8 12. f4 e4 13. a3 Bf5 14. Bxf6 Bxf6 15. d4 Ne7 16. g4 Bh4 17. gxf5 Nxf5 18. Nc4 dxc4 19. Qd2 cxb3 20. cxb3 Qe6
21. Nc3 Nd6 22. f5 Nxf5 23. Bxe4 Qd6+ 24. Rf4 Bg3+ 25. Kh1 Bxf4 26. Bxf5 Bh6
0-1

[Event "AGAG IIIIIIII"]
[Site "SchemingMind.com"]
[Date "2021.07.04"]
[Round "-"]
[White "LockettJ"]
[Black "flyinduck"]
[Result "1-0"]
[WhiteCountry "ENG"]
[BlackCountry "CAN"]
[WhiteElo "1974"]
[WhiteRD "97"]
[BlackElo "2010"]
[BlackRD "74"]
[GameID "713107"]

1. b3 e5 2. Bb2 d6 3. e3 f5 4. Bb5+ c6 5. Be2 Nf6 6. d3 Be7 7. Nc3 O-O 8. d4 e4 9. d5 cxd5 10. Nxd5 Nxd5
11. Qxd5+ Kh8 12. Nh3 Nc6 13. O-O-O Qa5 14. Qxa5 Nxa5 15. Nf4 Rd8 16. h4 Bf6 17. Bxf6 gxf6 18. Rd2 b6 19. Kb2 Nb7 20. Rhd1
1-0

[Event "AGAG IIIIIIII"]
[Site "SchemingMind.com"]
[Date "2021.07.03"]
[Round "-"]
[White "JAHI"]
[Black "Daniel Dubé"]
[Result "1-0"]
[WhiteCountry "INT"]
[BlackCountry "CAN"]
[WhiteElo "1996"]
[WhiteRD "73"]
[BlackElo "1563"]
[BlackRD "56"]
[GameID "713108"]

1. b3 d6 2. Bb2 e5 3. e3 f5 4. a3 Nf6 5. a4 Be7 6. Na3 O-O 7. Be2 Nc6 8. h3 Be6 9. h4 d5 10. Nh3 Bd6
11. Kf1 f4 12. Kg1 fxe3 13. dxe3 Qe8 14. Nb5 a6 15. Nxd6 Qd7 16. Nxb7 Ng4 17. Nc5 Qe7 18. Nxe6 Qxe6 19. Bxg4 Qf7 20. Ba3 Rfe8
21. Ng5 Qg6 22. Qxd5+ Kh8 23. Nf7+ Kg8 24. Nxe5+ Kh8 25. Nxg6+
1-0

[Event "AGAG IIIIIIII"]
[Site "SchemingMind.com"]
[Date "2021.07.03"]
[Round "-"]
[White "Daniel Dubé"]
[Black "JAHI"]
[Result "0-1"]
[WhiteCountry "CAN"]
[BlackCountry "INT"]
[WhiteElo "1547"]
[WhiteRD "57"]
[BlackElo "2012"]
[BlackRD "73"]
[GameID "713109"]

1. b3 e6 2. Bb2 d6 3. e3 d5 4. Nf3 b6 5. c4 Bb7 6. Be2 Nd7 7. O-O h6 8. d4 Bd6 9. Nc3 Ne7 10. Rc1 Kf8
11. Nb5 a6 12. Nxd6 cxd6 13. b4 Kg8 14. c5 dxc5 15. bxc5 bxc5 16. dxc5 Qc7 17. Qd4 Rh7 18. Bd3 g6 19. Rc2 Re8 20. Rfc1 Nc6
21. Qc3 e5 22. Bf1 Rh8 23. Qa3 Re6 24. Bxa6 Bxa6 25. Rd1 Bc4 26. Nd2 Be2 27. Rdc1 Kg7 28. Ne4 dxe4 29. Rxe2 Rb8 30. Rd2 Nb4
31. c6 Rxc6 32. Rxc6 Qxc6 33. Rxd7 Qxd7 34. Bxe5+ f6
0-1

[Event "AGAG IIIIIIII"]
[Site "SchemingMind.com"]
[Date "2021.07.03"]
[Round "-"]
[White "JAHI"]
[Black "Arnold Jones"]
[Result "1-0"]
[WhiteCountry "INT"]
[BlackCountry "ENG"]
[WhiteElo "1996"]
[WhiteRD "73"]
[BlackElo "1556"]
[BlackRD "62"]
[GameID "713110"]

1. b3 Nf6 2. Bb2 e6 3. a3 Nc6 4. a4 d5 5. e3 Bd6 6. Bb5 e5 7. Na3 Bxa3 8. Rxa3 Qe7 9. Ne2 Ne4 10. d3 Qb4+
11. c3 Nxc3 12. Nxc3 d4 13. Qa1 Qa5 14. Kf1 Be6 15. exd4 exd4 16. Ne2 O-O-O 17. Bxc6 bxc6 18. Nxd4 Qd2 19. b4 Bd5 20. Qc1 Qxc1+
21. Bxc1 Bxg2+ 22. Kxg2 Rxd4 23. Be3 Rxb4 24. Bxa7 Re8 25. a5 Rb5 26. a6 Rg5+ 27. Kf1 Rb5 28. Be3 Kb8 29. Rg1 Rb1+ 30. Kg2 Rxg1+
31. Kxg1 Ka8 32. Rb3 f5 33. h3 g5 34. Kg2 Re5 35. Bxg5 Ra5 36. Rb7 Rxa6 37. Rxc7 h5 38. Kf3 Kb8 39. Bf4 Ka8 40. h4 Ra3
41. Ke3 Rc3 42. Rh7 c5 43. Kd2 Rb3 44. Rxh5
1-0

[Event "AGAG IIIIIIII"]
[Site "SchemingMind.com"]
[Date "2021.07.03"]
[Round "-"]
[White "Arnold Jones"]
[Black "JAHI"]
[Result "0-1"]
[WhiteCountry "ENG"]
[BlackCountry "INT"]
[WhiteElo "1524"]
[WhiteRD "58"]
[BlackElo "2012"]
[BlackRD "73"]
[GameID "713111"]

1. b3 e6 2. Bb2 d6 3. d4 d5 4. Nf3 b6 5. e3 Bb7 6. Nbd2 Nd7 7. c4 Bb4 8. Qc2 Ne7 9. O-O-O Bxd2+ 10. Qxd2 a6
11. Bd3 a5 12. Rhe1 a4 13. a3 axb3 14. Qe2 Kf8 15. Nd2 Kg8 16. Nxb3 h6 17. Nd2 Qf8 18. f4 Re8 19. e4 h5 20. e5 g6
21. g3 h4 22. g4 h3 23. f5 Qh6 24. fxe6 fxe6 25. Kb1 g5 26. cxd5 Nxd5 27. Ne4 Nf4 28. Qc2 Rh7 29. Bb5 Rf8 30. Bc6 Bxc6
31. Qxc6 Rhf7 32. d5 Nc5 33. Nf6+ Kg7 34. Ne8+ Kh8 35. Ka2 Qg6 36. Rd2 Nxd5 37. Nf6 Nd3 38. Re4 Rxf6 39. Ra4 Rf2 40. Qc2 Rxd2
41. Qxd2 Rf2 42. Ra8+ Kg7 43. Qd1 Rxb2+ 44. Ka1 Nc3
0-1

[Event "AGAG IIIIIIII"]
[Site "SchemingMind.com"]
[Date "2021.07.03"]
[Round "-"]
[White "JAHI"]
[Black "Rooksac"]
[Result "0-1"]
[WhiteCountry "INT"]
[BlackCountry "USA"]
[WhiteElo "2023"]
[WhiteRD "68"]
[BlackElo "2050"]
[BlackRD "101"]
[GameID "713112"]

1. b3 e5 2. e3 d5 3. Bb2 Bd6 4. a3 Nf6 5. a4 O-O 6. Na3 a6 7. Be2 Nc6 8. h3 e4 9. h4 Qe7 10. Nh3 Rd8
11. Kf1 Nb4 12. c3 Nd3 13. Bxd3 exd3 14. c4 d4 15. exd4 Bg4 16. f3 Nh5 17. fxg4 Ng3+ 18. Kg1 Ne2+ 19. Kf1 Qf6+ 20. Nf2 Re8
21. Rh3 Bg3 22. Qe1 Qf4 23. d5 f5 24. gxf5 Qxf5 25. Bc3 Re4 26. Bb4 Rae8 27. Bc5 Rf4 28. a5 Bxh4 29. Nb5 axb5 30. a6 bxa6
31. Rxa6 Ng3+ 32. Rxg3 Rxe1+ 33. Kxe1 Qe5+ 34. Kd1 Qe2+ 35. Kc1 Bxg3 36. b4 Rxc4+ 37. Kb1 Qe1+ 38. Nd1 Qxd1+ 39. Ka2 Qxd2+ 40. Ka1 Rc1#
0-1

[Event "AGAG IIIIIIII"]
[Site "SchemingMind.com"]
[Date "2021.07.03"]
[Round "-"]
[White "Rooksac"]
[Black "JAHI"]
[Result "0-1"]
[WhiteCountry "USA"]
[BlackCountry "INT"]
[WhiteElo "1958"]
[WhiteRD "96"]
[BlackElo "2044"]
[BlackRD "69"]
[GameID "713113"]

1. b3 e6 2. Bb2 d6 3. g3 d5 4. Nf3 h6 5. Bg2 h5 6. c4 b6 7. cxd5 exd5 8. O-O h4 9. Nxh4 Rxh4 10. gxh4 Qxh4
11. Be5 c6 12. Nc3 Ba6 13. a3 Qh6 14. b4 Bd6 15. Bxd6 Qxd6 16. Re1 Nd7 17. e4 d4 18. e5 Qg6 19. Ne4 Ne7 20. Nd6+ Kf8
21. Qf3 Rd8 22. e6 Ne5 23. Rxe5 Rxd6 24. exf7 Qxf7 25. Qe4 Ng6 26. Rf5 Rf6 27. Rxf6 Qxf6 28. Qxc6 Qxc6 29. Bxc6 Bd3 30. Re1 Kf7
31. Be8+ Kf6 32. Bxg6 Bxg6 33. f3 Bf7 34. Kf2 g6 35. Rc1 Bd5 36. Rc7 a6 37. h4 Ke5 38. a4 a5 39. bxa5 bxa5 40. Rc5 Kd6
41. Rxa5 Bc6 42. Ra6 Kc5 43. a5 Kd6 44. Rb6 Kc5 45. f4 Be4 46. Rf6 Kc4 47. a6 Kd3
0-1

[Event "AGAG IIIIIIII"]
[Site "SchemingMind.com"]
[Date "2021.07.02"]
[Round "-"]
[White "JAHI"]
[Black "LockettJ"]
[Result "1/2-1/2"]
[WhiteCountry "INT"]
[BlackCountry "ENG"]
[WhiteElo "2070"]
[WhiteRD "70"]
[BlackElo "2014"]
[BlackRD "83"]
[GameID "713114"]

1. b3 e5 2. e3 d5 3. Bb2 Nc6 4. Bb5 Bd6 5. d3 Nf6 6. Nd2 O-O 7. Bxc6 bxc6 8. Ne2 Bg4 9. f3 Bd7 10. Kf1 Qe7
11. Kg1 Rfe8 12. Nf1 e4 13. dxe4 dxe4 14. f4 Nd5 15. Qd4 f5 16. Re1 Bc5 17. Qd2 Rad8 18. h3 Rf8 19. Rh2 Bc8 20. Qc1 Ba6
21. Kh1 Qh4 22. g3 Qh6 23. a3 Qg6 24. c3 Qh5 25. Nd4 Bxd4 26. exd4 Bxf1 27. Rxf1 Rb8 28. c4 Nf6 29. Qe3 Rfd8 30. b4 a5
31. bxa5 Qf7 32. Qc3 e3 33. Rc2 Re8 34. Qd3 Qh5 35. Kg2 Ne4 36. Rf3 Nf2 37. Rcxf2 exf2 38. Rxf2 Re1 39. Bc3 Qd1 40. Qxd1 Rxd1
41. Rc2 c5 42. dxc5 Rb3 43. Bb4 Rdd3 44. Kf2 Rxg3 45. Rd2 Rxh3 46. Rd8+ Kf7 47. a6 Rb2+ 48. Kg1=
1/2-1/2

[Event "AGAG IIIIIIII"]
[Site "SchemingMind.com"]
[Date "2021.07.02"]
[Round "-"]
[White "LockettJ"]
[Black "JAHI"]
[Result "0-1"]
[WhiteCountry "ENG"]
[BlackCountry "INT"]
[WhiteElo "1997"]
[WhiteRD "79"]
[BlackElo "2048"]
[BlackRD "65"]
[GameID "713115"]

1. b3 e6 2. e4 d6 3. Bb2 d5 4. exd5 exd5 5. Nf3 Bg4 6. Nc3 Qe7+ 7. Qe2 Bxf3 8. Qxe7+ Nxe7 9. gxf3 Nd7 10. Bh3 Kd8
11. O-O c6 12. Nd1 Kc7 13. Ne3 Ng6 14. c4 Nf4 15. Bf5 dxc4 16. Nxc4 f6 17. Rae1 Rd8 18. d4 Nb6 19. Bc1 Nbd5 20. Bd2 g6
21. Be4 Bb4 22. Bxd5 Nxd5 23. Bxb4 Nxb4 24. a3 Nc2 25. Re7+ Rd7 26. Rxd7+ Kxd7 27. Rd1 Kc7 28. h4 Rd8 29. d5 Rxd5 30. Rxd5 cxd5
0-1

[Event "AGAG IIIIIIII"]
[Site "SchemingMind.com"]
[Date "2021.07.03"]
[Round "-"]
[White "Daniel Dubé"]
[Black "Arnold Jones"]
[Result "0-1"]
[WhiteCountry "CAN"]
[BlackCountry "ENG"]
[WhiteElo "1563"]
[WhiteRD "56"]
[BlackElo "1556"]
[BlackRD "62"]
[GameID "713116"]

1. b3 e5 2. Bb2 Nc6 3. e3 f5 4. Bb5 Qg5 5. Qf3 e4 6. Qg3 Qxg3 7. hxg3 Nb4 8. Na3 c6 9. Be2 d5 10. O-O-O Nxa2+
11. Kb1 Nb4 12. d3 exd3 13. Bxd3 Be6 14. Be2 O-O-O 15. c4 Ne7 16. Nf3 Ng6 17. Nc2 Nxc2 18. Kxc2 c5 19. Rh5 Rd6 20. cxd5 Bxd5
21. Rxf5 Be4+ 22. Kc3 Bxf5 23. Nh4 Nxh4 24. gxh4 Rxd1
0-1

[Event "AGAG IIIIIIII"]
[Site "SchemingMind.com"]
[Date "2021.07.03"]
[Round "-"]
[White "Arnold Jones"]
[Black "Daniel Dubé"]
[Result "1-0"]
[WhiteCountry "ENG"]
[BlackCountry "CAN"]
[WhiteElo "1556"]
[WhiteRD "62"]
[BlackElo "1563"]
[BlackRD "56"]
[GameID "713117"]

1. b3 d6 2. Bb2 e5 3. e4 f5 4. Nc3 Nf6 5. Qf3 fxe4 6. Qe3 d5 7. d4 exd4 8. Qxd4 c5 9. Bb5+ Nc6 10. Qe5+ Be7
11. Nxd5 O-O 12. Nxe7+ Nxe7 13. Bc4+ Kh8 14. Rd1 Qe8 15. Qxc5 Nc6 16. Rd6 Ng4 17. Qg5 Nf6 18. Ne2 Bg4 19. Nf4 e3 20. f3 Rd8
21. Rxd8 Qxd8 22. O-O Bc8 23. Nd5 Nxd5 24. Qxg7#
1-0

[Event "AGAG IIIIIIII"]
[Site "SchemingMind.com"]
[Date "2021.07.03"]
[Round "-"]
[White "Daniel Dubé"]
[Black "Rooksac"]
[Result "0-1"]
[WhiteCountry "CAN"]
[BlackCountry "USA"]
[WhiteElo "1547"]
[WhiteRD "57"]
[BlackElo "2002"]
[BlackRD "118"]
[GameID "713118"]

1. b3 e5 2. Bb2 Nc6 3. e3 d5 4. Bb5 Bd6 5. Nf3 Bg4 6. Be2 Nf6 7. O-O Qe7 8. d4 O-O 9. c4 exd4 10. Nxd4 Qe5
11. g3 Qh5 12. cxd5 Nxd4 13. Bxg4 Nxg4 14. h4 Nf5 15. e4 Nxh4 16. e5 Nf5
0-1

[Event "AGAG IIIIIIII"]
[Site "SchemingMind.com"]
[Date "2021.07.03"]
[Round "-"]
[White "Rooksac"]
[Black "Daniel Dubé"]
[Result "1-0"]
[WhiteCountry "USA"]
[BlackCountry "CAN"]
[WhiteElo "2080"]
[WhiteRD "105"]
[BlackElo "1572"]
[BlackRD "58"]
[GameID "713119"]

1. b3 d6 2. c4 e5 3. Nc3 f5 4. e3 Nf6 5. d4 e4 6. Nh3 Nc6 7. Be2 Be7 8. O-O O-O 9. Nf4 g5 10. Nfd5 Nxd5
11. cxd5 Nb8 12. f3 exf3 13. Rxf3 g4 14. Rf1 Nd7 15. Bd3 Nb6 16. a4 a5 17. Ra2 Qe8 18. Raf2 Qg6 19. e4 fxe4 20. Rxf8+ Bxf8
21. Nxe4 Qg7 22. Nf6+ Kh8 23. Nh5 Qxd4+ 24. Kh1 Bd7 25. Qd2 Nxd5 26. Bb2
1-0

[Event "AGAG IIIIIIII"]
[Site "SchemingMind.com"]
[Date "2021.07.03"]
[Round "-"]
[White "Daniel Dubé"]
[Black "LockettJ"]
[Result "0-1"]
[WhiteCountry "CAN"]
[BlackCountry "ENG"]
[WhiteElo "1547"]
[WhiteRD "57"]
[BlackElo "1927"]
[BlackRD "99"]
[GameID "713120"]

1. b3 e5 2. Bb2 Nc6 3. e3 Nf6 4. Bb5 Bd6 5. Ne2 a6 6. Bxc6 dxc6 7. O-O O-O 8. c4 Bf5 9. Nbc3 Bd3 10. f4 exf4
11. exf4 Re8 12. Re1 Bc5+ 13. Kh1 Ng4 14. Nc1 Qh4 15. h3 Nf2+
0-1

[Event "AGAG IIIIIIII"]
[Site "SchemingMind.com"]
[Date "2021.07.04"]
[Round "-"]
[White "LockettJ"]
[Black "Daniel Dubé"]
[Result "1-0"]
[WhiteCountry "ENG"]
[BlackCountry "CAN"]
[WhiteElo "1997"]
[WhiteRD "93"]
[BlackElo "1589"]
[BlackRD "61"]
[GameID "713121"]

1. b3 d6 2. Bb2 e5 3. e3 f5 4. Qh5+ g6 5. Qe2 Bg7 6. g3 Nc6 7. Bg2 Nf6 8. d4 e4 9. Nh3 O-O 10. Nc3 h6
11. O-O g5 12. f3 Qe7 13. Nf2 exf3 14. Bxf3 g4 15. Bg2 h5 16. Nd3 Bd7 17. Nf4 Kh7 18. Rae1 Qf7 19. Ncd5 Rh8 20. Qf2 Be6
21. Nxf6+ Bxf6 22. Nxe6 Qxe6 23. d5 Qf7 24. Qxf5+
1-0

[Event "AGAG IIIIIIII"]
[Site "SchemingMind.com"]
[Date "2021.07.03"]
[Round "-"]
[White "Arnold Jones"]
[Black "Rooksac"]
[Result "1-0"]
[WhiteCountry "ENG"]
[BlackCountry "USA"]
[WhiteElo "1556"]
[WhiteRD "62"]
[BlackElo "1997"]
[BlackRD "137"]
[GameID "713122"]

1. b3 e5 2. Bb2 Nc6 3. d4 Nxd4 4. Qd2 Nf6 5. c3 Nc6 6. e3 d5 7. Bd3 Bd6 8. Bb5 Bd7 9. c4 Bb4 10. Bc3 Ne4
11. Qxd5 Nxc3 12. Nxc3
1-0

[Event "AGAG IIIIIIII"]
[Site "SchemingMind.com"]
[Date "2021.07.03"]
[Round "-"]
[White "Rooksac"]
[Black "Arnold Jones"]
[Result "1-0"]
[WhiteCountry "USA"]
[BlackCountry "ENG"]
[WhiteElo "1997"]
[WhiteRD "137"]
[BlackElo "1556"]
[BlackRD "62"]
[GameID "713123"]

1. b3 d5 2. Nf3 f6 3. d4 Nc6 4. Bb2 Bf5 5. e3 e6 6. a3 Bd6 7. Nh4 Nce7 8. Nd2 e5 9. c4 c6 10. cxd5 cxd5
11. Bb5+ Kf8 12. Nxf5 Nxf5 13. dxe5 fxe5 14. Qf3 Ne7 15. e4 dxe4 16. Qxe4 Nd4 17. Bxd4 exd4 18. Qf3+ Kg8 19. Bc4+
1-0

[Event "AGAG IIIIIIII"]
[Site "SchemingMind.com"]
[Date "2021.07.03"]
[Round "-"]
[White "Arnold Jones"]
[Black "LockettJ"]
[Result "0-1"]
[WhiteCountry "ENG"]
[BlackCountry "ENG"]
[WhiteElo "1501"]
[WhiteRD "56"]
[BlackElo "1974"]
[BlackRD "97"]
[GameID "713124"]

1. b3 e5 2. Bb2 Nc6 3. e3 Nf6 4. d3 d5 5. Be2 Bd6 6. Nd2 O-O 7. e4 Qe7 8. Ngf3 dxe4 9. dxe4 Rd8 10. O-O Bc5
11. Bd3 Bg4 12. Qe2 Nh5 13. g3 Rd6 14. Nc4 Rg6 15. Ne3 Nf4 16. Qd1 Nh3+ 17. Kg2 Bd7 18. Nd5 Qe6 19. Nxc7 Nf4+ 20. Kh1 Qh3
21. Ne1 Rh6
0-1

[Event "AGAG IIIIIIII"]
[Site "SchemingMind.com"]
[Date "2021.07.04"]
[Round "-"]
[White "LockettJ"]
[Black "Arnold Jones"]
[Result "1-0"]
[WhiteCountry "ENG"]
[BlackCountry "ENG"]
[WhiteElo "1997"]
[WhiteRD "79"]
[BlackElo "1477"]
[BlackRD "64"]
[GameID "713125"]

1. b3 e5 2. Bb2 Nc6 3. e3 Nf6 4. Bb5 Bc5 5. Bxc6 dxc6 6. Bxe5 Bb6 7. Nf3 c5 8. O-O O-O 9. Na3 Bd7 10. d3 c6
11. Nc4 Bc7 12. Bxc7 Qxc7 13. e4 Bg4 14. h3 Bh5 15. a4 Nd7 16. g4 Bg6 17. Nh4 h6 18. Qd2 Bh7 19. Qe3 b5 20. Nd2 a5
21. f4 Qd8 22. Nhf3 Qe7 23. f5 f6 24. Rfe1 Nb6 25. e5 Nd5 26. Qf2 Nf4 27. exf6 Qxf6 28. Qxc5 Nxh3+ 29. Kg2 Nf4+ 30. Kg3 g5
31. Re5 Rad8 32. Ne4 Qf7 33. Rh1 Kg7 34. Re7 Rd5 35. Rxf7+ Rxf7 36. Qxc6 Kg8 37. Nf6+ Kg7 38. Nxh7 h5 39. Nhxg5 Rf6 40. Qc7+ Kf8
41. Nh7+
1-0

[Event "AGAG IIIIIIII"]
[Site "SchemingMind.com"]
[Date "2021.07.03"]
[Round "-"]
[White "Rooksac"]
[Black "LockettJ"]
[Result "0-1"]
[WhiteCountry "USA"]
[BlackCountry "ENG"]
[WhiteElo "1958"]
[WhiteRD "96"]
[BlackElo "2044"]
[BlackRD "82"]
[GameID "713126"]

1. b3 e5 2. Bb2 Nc6 3. e3 Nf6 4. Nf3 e4 5. Ne5 Nxe5 6. Bxe5 d5 7. Be2 Bd6 8. Bxd6 Qxd6 9. d4 exd3 10. cxd3 Bf5
11. O-O O-O 12. Nd2 Rfe8 13. Nf3 Rac8 14. Rc1 c5 15. d4 b6 16. h3 h6 17. Bb5 Re7 18. Qe2 Rec7 19. Ba6 Re8 20. Rfd1 Ne4
21. dxc5 Rxc5 22. Qb2 Bc8 23. Bf1 a5 24. a3 Rxc1 25. Rxc1 Bf5
0-1

[Event "AGAG IIIIIIII"]
[Site "SchemingMind.com"]
[Date "2021.07.04"]
[Round "-"]
[White "LockettJ"]
[Black "Rooksac"]
[Result "0-1"]
[WhiteCountry "ENG"]
[BlackCountry "USA"]
[WhiteElo "1997"]
[WhiteRD "79"]
[BlackElo "2022"]
[BlackRD "100"]
[GameID "713127"]

1. b3 e5 2. Bb2 Nc6 3. e3 d5 4. Bb5 Bd6 5. f4 f6 6. Bxc6+ bxc6 7. fxe5 fxe5 8. Bxe5 Qh4+ 9. g3 Qe4 10. Bxg7 Qxh1
11. Qh5+ Ke7 12. Bxh8 Qxg1+ 13. Ke2 Be6 14. Nc3 Qg2+ 15. Kd3 Rf8 16. Ne2 Qe4+ 17. Kc3 Qb4+ 18. Kb2 Qa3+ 19. Kc3 Qa5+ 20. Kd3 Qb5+
21. Kd4 Bf5 22. Qg5+ Kd7 23. Qxf5+ Rxf5
0-1